Statistiche per Paesi del Nord America con mappa

Clicka qui per fare il quiz!

Statistiche generali

  • Questo quiz è stato fatto 1,022 volte
  • Il punteggio medio è 17 su 23

Statistiche sulle risposte

Paese % Corretto
Canada
99%
Stati Uniti d'America
97%
Cuba
94%
Messico
93%
Panama
90%
Haiti
85%
Honduras
80%
Guatemala
77%
Costa Rica
77%
Bahamas
77%
Nicaragua
77%
El Salvador
76%
Belize
73%
Repubblica Dominicana
73%
Giamaica
72%
Barbados
64%
Antigua e Barbuda
63%
Dominica
63%
Trinidad e Tobago
62%
Saint Lucia
59%
Saint Kitts e Nevis
56%
Grenada
52%
Saint Vincent e Grenadine
51%

Distribuzione punteggi

Percentile per numero di risposta

Percentuale di utenti per punteggio

I tuoi punteggi nel tempo

Non hai fatto questo quiz